Italian painting in the XIVth and XVth centuries (Record no. 5428)

MARC details
000 -CABECERA
campo de control de longitud fija 00795nam a2200241 a 4500
001 - NÚMERO DE CONTROL
campo de control BRCA_5738
005 - FECHA Y HORA DE LA ÚLTIMA TRANSACCIÓN
campo de control 20190320205210.0
008 - DATOS DE LONGITUD FIJA--INFORMACIÓN GENERAL
campo de control de longitud fija 040311s1938----fr-a######---#000-0#eng-#
041 ## - CÓDIGO DE LENGUA
Código de lengua del texto/banda sonora o título independiente eng
044 ## - CÓDIGO DEL PAÍS DE LA ENTIDAD EDITORA/PRODUCTORA
Código MARC del país fr
050 #4 - SIGNATURA TOPOGRÁFICA DE LA BIBLIOTECA DEL CONGRESO
Número de clasificación ND615
Número de documento/Ítem .B39 1938
100 1# - ENTRADA PRINCIPAL--NOMBRE DE PERSONA
Nombre de persona Bazin, Germain René Michel
Fechas asociadas al nombre 1901-1990
9 (RLIN) 9325
245 10 - MENCIÓN DE TÍTULO
Título Italian painting in the XIVth and XVth centuries
Mención de responsabilidad, etc. by Germain Bazin, translated from the French by Mary Chamot.
260 ## - PUBLICACIÓN, DISTRIBUCIÓN, ETC.
Lugar de publicación, distribución, etc. Francia
Nombre del editor, distribuidor, etc. Hyperion
Fecha de publicación, distribución, etc. 1938
300 ## - DESCRIPCIÓN FÍSICA
Extensión 37 p.
Otras características físicas il. (algunas a color), 96 láminas
Dimensiones 31 cm.
500 ## - NOTA GENERAL
Nota general Contiene biografía de artistas Italianos del siglo XIV y XV
500 ## - NOTA GENERAL
Nota general E176
504 ## - NOTA DE BIBLIOGRAFÍA, ETC.
Nota de bibliografía, etc. Bibliografía: p. 37
650 14 - PUNTO DE ACCESO ADICIONAL DE MATERIA--TÉRMINO DE MATERIA
Término de materia o nombre geográfico como elemento de entrada Pintores italianos
Subdivisión cronológica S. XIV-XV
9 (RLIN) 14557
700 1# - PUNTO DE ACCESO ADICIONAL--NOMBRE DE PERSONA
Nombre de persona Chamot, Mary
Término indicativo de función/relación tr.
9 (RLIN) 14558
902 ## - CATALOGADOR
Iniciales GFM
942 ## - ELEMENTOS DE PUNTO DE ACCESO ADICIONAL (KOHA)
Fuente del sistema de clasificación o colocación Library of Congress Classification
Tipo de ítem Koha Libros
Holdings
Estado de retiro Estado de pérdida Estado dañado No para préstamo Localización permanente Ubicación/localización actual Fecha de adquisición Número de inventario Total de préstamos Signatura topográfica completa Código de barras Fecha visto por última vez Precio válido a partir de Tipo de ítem Koha
El ejemplar forma parte de la colección y puede ser consultado según las políticas vigentes.       Biblioteca del Museo Franz Mayer (Rogerio Casas-Alatriste) Biblioteca del Museo Franz Mayer (Rogerio Casas-Alatriste) 04/03/2011 E176   ND615 .B39 1938 (E176) 6174 22/03/2019 22/03/2019 Libros